[Event "Pretoria Capablanca"]
[Site "Pretoria"]
[Date "2016.04.30"]
[Round "6"]
[White "Anderson, Gavin"]
[Black "Oatlhotse, Providence"]
[Result "0-1"]
[WhiteElo "2177"]
[BlackElo "2295"]
[PlyCount "100"]
[EventDate "2016.04.26"]
[EventType "tourn"]
[EventRounds "9"]
[EventCountry "RSA"]
[EventCategory "2"]
[SourceTitle "CBM 172 Extra"]
[Source "ChessBase"]
[SourceDate "2016.06.21"]
[SourceVersion "1"]
[SourceVersionDate "2016.06.21"]
[SourceQuality "1"]

1. d4 Nf6 2. c4 c5 3. Nf3 cxd4 4. Nxd4 e5 5. Nb5 d5 6. cxd5 Bc5 7. e3 0-0 8. N5c3 Bf5 9. Be2 Nbd7 10. Nd2 Bb4 11. 0-0 Rc8 12. Nf3 Qe7 13. Bd2 h6 14. a3 Bc5 15. Rc1 a6 16. b4 Bd6 17. Nh4 Bh7 18. g3 e4 19. f4 exf3 20. Bxf3 Ne5 21. Bg2 Nc4 22. e4 Nxa3 23. Nf5 Bxf5 24. Rxf5 Nc4 25. e5 Bxe5 26. Ne2 Nd6 27. Rf1 Nde4 28. Rxc8 Rxc8 29. Bf4 Rd8 30. Qc2 Rxd5 31. Bxe4 Nxe4 32. Qxe4 Bd4+ 33. Qxd4 Rxd4 34. Nxd4 Qxb4 35. Nf5 a5 36. Be3 a4 37. Bd4 g6 38. Nxh6+ Kh7 39. Be3 f6 40. h3 a3 41. Rd1 g5 42. Nf5 a2 43. Bd4 Qb1 44. Rf1 b5 45. Ne7 b4 46. Nc6 b3 47. Nb4 Qe4 48. Bxf6 Qxb4 49. Bb2 Qd2 50. Rf2 Qxb2 0-1

[Event "Pretoria Capablanca"]
[Site "Pretoria"]
[Date "2016.04.28"]
[Round "4"]
[White "Anderson, Gavin"]
[Black "Phiri, Richmond"]
[Result "1/2-1/2"]
[WhiteElo "2177"]
[BlackElo "2323"]
[PlyCount "82"]
[EventDate "2016.04.26"]
[EventType "tourn"]
[EventRounds "9"]
[EventCountry "RSA"]
[EventCategory "2"]
[SourceTitle "CBM 172 Extra"]
[Source "ChessBase"]
[SourceDate "2016.06.21"]
[SourceVersion "1"]
[SourceVersionDate "2016.06.21"]
[SourceQuality "1"]

1. d4 Nf6 2. c4 e6 3. Nc3 Bb4 4. e3 b6 5. Nf3 Bb7 6. Bd3 0-0 7. 0-0 c5 8. Na4 cxd4 9. a3 Be7 10. exd4 d6 11. b4 Nbd7 12. Bf4 Re8 13. Re1 Rc8 14. Rc1 Nf8 15. Nc3 Ng6 16. Bg5 a6 17. Nh4 Nf8 18. Nf3 Rc7 19. Qe2 Nh5 20. Be3 Rc8 21. d5 Nf6 22. dxe6 Nxe6 23. Rcd1 b5 24. Nd5 Nxd5 25. cxd5 Nf8 26. Bf5 Ra8 27. Qd3 Bf6 28. Bf4 Qb6 29. Ng5 Ng6 30. Bxg6 hxg6 31. Ne4 Be5 32. Be3 Qc7 33. f4 Bb2 34. Bd4 Bxd4+ 35. Qxd4 Rac8 36. h3 Re7 37. Re3 Rce8 38. Rde1 Kf8 39. Kf2 Qc2+ 40. R1e2 Qc7 41. Nc3 Rxe3 1/2-1/2

[Event "Pretoria Capablanca"]
[Site "Pretoria"]
[Date "2016.04.27"]
[Round "3"]
[White "Anderson, Gavin"]
[Black "Mwali, Chitumbo"]
[Result "1/2-1/2"]
[WhiteElo "2177"]
[BlackElo "2328"]
[PlyCount "87"]
[EventDate "2016.04.26"]
[EventType "tourn"]
[EventRounds "9"]
[EventCountry "RSA"]
[EventCategory "2"]
[SourceTitle "CBM 172 Extra"]
[Source "ChessBase"]
[SourceDate "2016.06.21"]
[SourceVersion "1"]
[SourceVersionDate "2016.06.21"]
[SourceQuality "1"]

1. d4 Nf6 2. c4 e6 3. Nc3 Bb4 4. e3 0-0 5. Bd3 c5 6. Nf3 b6 7. 0-0 cxd4 8. exd4 Bb7 9. Bg5 Be7 10. Re1 d6 11. Qe2 Nbd7 12. Rac1 Re8 13. h3 Rc8 14. Bf4 Bf8 15. Bg3 a6 16. Nd2 e5 17. d5 g6 18. Bh4 Be7 19. Bg3 Nh5 20. Bh2 Ng7 21. g4 Kh8 22. Bg3 f5 23. f3 Bg5 24. Qh2 Bh4 25. Qf2 Bxg3 26. Qxg3 Qg5 27. Nf1 e4 28. f4 Qf6 29. Be2 Nc5 30. Rcd1 Rg8 31. g5 Qf7 32. Qe3 Nh5 33. b4 Nd3 34. Bxd3 exd3 35. Qxd3 b5 36. Qd4+ Qg7 37. Re7 Qxd4+ 38. Rxd4 Rg7 39. Rxg7 Kxg7 40. Ne3 Rc7 41. Kf2 Kf7 42. a4 bxc4 43. Rxc4 Re7 44. b5 1/2-1/2

[Event "Johannesburg Tsogo Sun op"]
[Site "Johannesburg"]
[Date "2015.07.19"]
[Round "9"]
[White "Lekalakalae, Malusi"]
[Black "Anderson, Gavin"]
[Result "0-1"]
[WhiteElo "1857"]
[BlackElo "2250"]
[PlyCount "52"]
[EventDate "2015.07.15"]
[EventType "swiss"]
[EventRounds "9"]
[EventCountry "RSA"]
[SourceTitle "CBM 167 Extra"]
[Source "ChessBase"]
[SourceDate "2015.09.14"]
[SourceVersion "1"]
[SourceVersionDate "2015.09.14"]
[SourceQuality "1"]

1. e4 c6 2. d4 d5 3. exd5 cxd5 4. Nf3 Nf6 5. Bg5 Ne4 6. Bd3 Nxg5 7. Nxg5 e5 8. Nf3 e4 9. Bb5+ Bd7 10. Bxd7+ Nxd7 11. Nfd2 Bd6 12. c4 0-0 13. c5 Bc7 14. Qb3 Nf6 15. Qxb7 e3 16. fxe3 Ng4 17. Nf1 Re8 18. Nc3 Nxe3 19. Nxe3 Rxe3+ 20. Kf2 Qf6+ 21. Kxe3 Re8+ 22. Kd2 Qf2+ 23. Kd1 Bf4 24. Ne4 Qxd4+ 25. Kc2 Qc4+ 26. Nc3 Re2+ 0-1

[Event "Johannesburg Tsogo Sun op"]
[Site "Johannesburg"]
[Date "2015.07.18"]
[Round "7"]
[White "Solo, Muzenda"]
[Black "Anderson, Gavin"]
[Result "0-1"]
[WhiteElo "1842"]
[BlackElo "2250"]
[PlyCount "116"]
[EventDate "2015.07.15"]
[EventType "swiss"]
[EventRounds "9"]
[EventCountry "RSA"]
[SourceTitle "CBM 167 Extra"]
[Source "ChessBase"]
[SourceDate "2015.09.14"]
[SourceVersion "1"]
[SourceVersionDate "2015.09.14"]
[SourceQuality "1"]

1. e4 c6 2. Nc3 d5 3. e5 Bf5 4. f4 e6 5. Nf3 d4 6. Nb1 d3 7. Bxd3 Bxd3 8. cxd3 Qxd3 9. Qe2 Qxe2+ 10. Kxe2 Na6 11. d4 Ne7 12. a3 h5 13. Nc3 Nf5 14. b4 Nc7 15. Bb2 Be7 16. Ne4 Nd5 17. g3 a5 18. bxa5 Rxa5 19. Nfd2 0-0 20. a4 Rfa8 21. Nb3 Rxa4 22. Nec5 Rxa1 23. Rxa1 Rxa1 24. Bxa1 b6 25. Nd7 Bb4 26. Kf3 f6 27. Nc1 Kf7 28. Nd3 Ba3 29. h3 Ke8 30. Nb8 Nfe7 31. g4 hxg4+ 32. hxg4 Kd8 33. Na6 Kc8 34. Kg3 Kb7 35. exf6 gxf6 36. Nac5+ bxc5 37. dxc5 Ka6 38. g5 fxg5 39. fxg5 Kb5 40. Kg4 Bxc5 41. Kh5 Bd6 42. g6 c5 43. g7 c4 44. Ne5 Bxe5 45. Bxe5 c3 46. Bd6 c2 47. Ba3 Kc4 48. Kg5 e5 49. Kg4 e4 50. Kg3 Nf5+ 51. Kf2 Nxg7 52. Ke2 Nf5 53. Bc1 Nd4+ 54. Kd2 Nb3+ 55. Kxc2 Nxc1 56. Kxc1 Kd3 57. Kd1 e3 58. Ke1 e2 0-1

[Event "South African op"]
[Site "Cape Town"]
[Date "2015.07.10"]
[Round "10"]
[White "Mare, Eben"]
[Black "Anderson, Gavin"]
[Result "1-0"]
[WhiteElo "1982"]
[BlackElo "2250"]
[PlyCount "40"]
[EventDate "2015.07.03"]
[EventType "swiss"]
[EventRounds "11"]
[EventCountry "RSA"]
[SourceTitle "CBM 167 Extra"]
[Source "ChessBase"]
[SourceDate "2015.09.14"]
[SourceVersion "1"]
[SourceVersionDate "2015.09.14"]
[SourceQuality "1"]

1. e4 c6 2. c4 d5 3. exd5 cxd5 4. cxd5 Nf6 5. Qa4+ Nbd7 6. Nc3 a6 7. Nf3 Rb8 8. d4 b5 9. Qb3 Nb6 10. Bf4 Rb7 11. d6 Be6 12. Qa3 Qa8 13. dxe7 Bxe7 14. Bd6 Nc4 15. Bxc4 bxc4 16. 0-0-0 h5 17. d5 Bxd5 18. Qa4+ Kf8 19. Bxe7+ Kxe7 20. Rhe1+ Be6 1-0

[Event "South African op"]
[Site "Cape Town"]
[Date "2015.07.09"]
[Round "9"]
[White "Anderson, Gavin"]
[Black "Mwale, Joseph"]
[Result "1/2-1/2"]
[WhiteElo "2250"]
[BlackElo "2094"]
[PlyCount "75"]
[EventDate "2015.07.03"]
[EventType "swiss"]
[EventRounds "11"]
[EventCountry "RSA"]
[SourceTitle "CBM 167 Extra"]
[Source "ChessBase"]
[SourceDate "2015.09.14"]
[SourceVersion "1"]
[SourceVersionDate "2015.09.14"]
[SourceQuality "1"]

1. d4 Nf6 2. c4 e6 3. Nc3 Bb4 4. e3 d5 5. Nf3 c5 6. Bd3 0-0 7. 0-0 cxd4 8. exd4 dxc4 9. Bxc4 b6 10. Bg5 Bb7 11. Qe2 Nbd7 12. Rac1 h6 13. Bh4 Qc7 14. Bd3 Bxc3 15. Rxc3 Qf4 16. Bg3 Bxf3 17. gxf3 Qg5 18. f4 Qh5 19. Qxh5 Nxh5 20. f5 Nxg3 21. fxg3 exf5 22. Rxf5 Nf6 23. Rc7 Rad8 24. Rxa7 Rxd4 25. Bc2 Rd2 26. Rf2 Rxf2 27. Kxf2 Ng4+ 28. Kg1 Re8 29. Bb3 Re1+ 30. Kg2 Ne5 31. h3 Re2+ 32. Kf1 Rxb2 33. Re7 Nd3 34. Rd7 Rb1+ 35. Kg2 Rb2+ 36. Kf1 Rb1+ 37. Kg2 Rb2+ 38. Kf1 1/2-1/2

[Event "Pretoria Capablanca"]
[Site "Pretoria"]
[Date "2015.04.29"]
[Round "1"]
[White "Makoto, Rodwell"]
[Black "Anderson, Gavin"]
[Result "1-0"]
[WhiteElo "2321"]
[BlackElo "2171"]
[PlyCount "61"]
[EventDate "2015.04.29"]
[EventType "tourn"]
[EventRounds "9"]
[EventCountry "RSA"]
[SourceTitle "EXT 2016"]
[Source "ChessBase"]
[SourceDate "2015.10.08"]
[SourceVersion "1"]
[SourceVersionDate "2015.10.08"]
[SourceQuality "1"]

1. Nf3 Nf6 2. c4 g6 3. g3 Bg7 4. Bg2 0-0 5. 0-0 d5 6. d4 dxc4 7. Na3 c3 8. bxc3 c5 9. Qb3 Nc6 10. Rd1 Na5 11. Qb2 cxd4 12. cxd4 Be6 13. Bd2 Nc4 14. Nxc4 Bxc4 15. Qxb7 Bxe2 16. Re1 Bxf3 17. Bxf3 Qxd4 18. Be3 Qa4 19. Qxe7 Rfe8 20. Qb7 Ne4 21. Rac1 a5 22. Bf4 Nxf2 23. Kxf2 Qxa2+ 24. Kg1 Rxe1+ 25. Rxe1 Rd8 26. Qe7 Bd4+ 27. Kh1 Rc8 28. Bh6 Qa4 29. Bd5 Qb5 30. Qxf7+ Kh8 31. Bf8 1-0

[Event "Centurion Capablanca IM"]
[Site "Centurion"]
[Date "2014.05.01"]
[Round "6"]
[White "Hercules, Benjamin Vincent"]
[Black "Anderson, Gavin"]
[Result "1/2-1/2"]
[WhiteElo "2123"]
[BlackElo "2165"]
[PlyCount "155"]
[EventDate "2014.04.25"]
[EventType "tourn"]
[EventRounds "9"]
[EventCountry "RSA"]
[SourceTitle "CBM 160 Extra"]
[Source "ChessBase"]
[SourceDate "2014.07.01"]
[SourceVersion "1"]
[SourceVersionDate "2014.07.01"]
[SourceQuality "1"]

1. d4 Nf6 2. c4 g6 3. Nc3 d5 4. Nf3 Bg7 5. Qb3 dxc4 6. Qxc4 0-0 7. e4 Bg4 8. Be3 Nfd7 9. Qb3 Nb6 10. Rd1 e6 11. Be2 Nc6 12. Ng1 Bxe2 13. Ngxe2 Qe7 14. 0-0 Rfd8 15. a3 e5 16. d5 Na5 17. Qa2 Nac4 18. Bc1 f5 19. b3 Nd6 20. f3 Qh4 21. Be3 Rf8 22. Qd2 Qe7 23. Nc1 Nd7 24. Nd3 b6 25. Qc2 f4 26. Bc1 g5 27. Bb2 g4 28. Na2 Rac8 29. Nab4 Qh4 30. Nc6 Rce8 31. Qe2 a5 32. Rc1 Rf7 33. a4 Qg5 34. fxg4 Bf6 35. h3 h5 36. gxh5 Rh7 37. Nf2 Rxh5 38. Ng4 Rh7 39. Ba3 Qg6 40. Bxd6 cxd6 41. b4 axb4 42. Rb1 Bh4 43. Rxb4 Rg7 44. Rc1 Kh8 45. Rcc4 Reg8 46. a5 bxa5 47. Rb7 Nf6 48. Rxg7 Rxg7 49. Nxf6 Bxf6 50. Nxa5 Ra7 51. Nb3 Ra3 52. Rb4 Kh7 53. Qb2 Ra7 54. Nd2 Rg7 55. Nf3 Kh6 56. Nh2 Qg3 57. Ng4+ Rxg4 58. hxg4 Qe1+ 59. Kh2 Bh4 60. Qb1 Qg3+ 61. Kh1 f3 62. Rb2 f2 63. Qf1 Qxg4 64. Rxf2 Bxf2 65. Qxf2 Qxe4 66. Qf6+ Qg6 67. Qf8+ Kg5 68. Kg1 Qb1+ 69. Kh2 Qg6 70. Kg1 Qf6 71. Qg8+ Kf5 72. Qc8+ Kg5 73. Qc4 Qf4 74. Qc6 e4 75. Qe8 Qc1+ 76. Kh2 Qf4+ 77. Kg1 e3 78. Qg8+ 1/2-1/2

[Event "Centurion Capablanca IM"]
[Site "Centurion"]
[Date "2014.04.28"]
[Round "4"]
[White "Anderson, Gavin"]
[Black "Masango, Spencer"]
[Result "1-0"]
[WhiteElo "2165"]
[BlackElo "2198"]
[PlyCount "113"]
[EventDate "2014.04.25"]
[EventType "tourn"]
[EventRounds "9"]
[EventCountry "RSA"]
[SourceTitle "CBM 160 Extra"]
[Source "ChessBase"]
[SourceDate "2014.07.01"]
[SourceVersion "1"]
[SourceVersionDate "2014.07.01"]
[SourceQuality "1"]

1. d4 Nf6 2. c4 g6 3. Nc3 Bg7 4. e4 d6 5. Be2 0-0 6. Bg5 Na6 7. h4 h6 8. Be3 c5 9. d5 Qa5 10. Qd2 h5 11. Nh3 Nc7 12. Ng5 a6 13. a4 b5 14. 0-0 bxc4 15. Bxc4 Ng4 16. Nd1 Qxd2 17. Bxd2 Rb8 18. Rb1 Ne5 19. Ne3 Nxc4 20. Nxc4 Bd7 21. b3 Bd4 22. Kh2 Ne8 23. Nf3 Bg7 24. Bg5 Nf6 25. Nfd2 Rfe8 26. f3 Nh7 27. Bf4 f6 28. Rbe1 g5 29. hxg5 fxg5 30. Be3 Rf8 31. e5 Rf5 32. exd6 exd6 33. Bf2 Rxd5 34. Re7 Bf5 35. Bg3 Bf8 36. Ra7 h4 37. Bf2 Bc2 38. Re1 Rd3 39. Re6 h3 40. Rg6+ Kh8 41. Ne4 Rd5 42. Bg3 hxg2 43. Ncxd6 g1Q+ 44. Kxg1 Bxd6 45. Bxd6 Rd8 46. Bg3 Rd1+ 47. Kg2 R1d5 48. Re7 Rf5 49. Rh6 Bxe4 50. Rhxh7+ Kg8 51. fxe4 Rd2+ 52. Kh3 Rf3 53. Kg4 Rxb3 54. Be5 Rg2+ 55. Kf5 Rf2+ 56. Ke6 Rb6+ 57. Kd5 1-0

[Event "Centurion Capablanca IM"]
[Site "Centurion"]
[Date "2014.04.25"]
[Round "1"]
[White "Toma, Katarzyna"]
[Black "Anderson, Gavin"]
[Result "1-0"]
[WhiteElo "2300"]
[BlackElo "2165"]
[PlyCount "20"]
[EventDate "2014.04.25"]
[EventType "tourn"]
[EventRounds "9"]
[EventCountry "RSA"]
[SourceTitle "CBM 160 Extra"]
[Source "ChessBase"]
[SourceDate "2014.07.01"]
[SourceVersion "1"]
[SourceVersionDate "2014.07.01"]
[SourceQuality "1"]

1. e4 c6 2. d4 d5 3. e5 Bf5 4. Nd2 e6 5. Nb3 Nd7 6. Nf3 Ne7 7. Be2 c5 8. dxc5 Nc6 9. Nfd4 Be4 10. f3 Bg6 1-0

[Event "Pretoria FM-A"]
[Site "Pretoria"]
[Date "2012.04.30"]
[Round "6"]
[White "Bhawoodien, Shabier Hussain"]
[Black "Anderson, Gavin"]
[Result "0-1"]
[WhiteElo "2078"]
[BlackElo "2154"]
[PlyCount "60"]
[EventDate "2012.04.27"]
[EventType "tourn"]
[EventRounds "9"]
[EventCountry "RSA"]
[SourceTitle "CBM 148 Extra"]
[Source "ChessBase"]
[SourceDate "2012.06.22"]
[SourceVersion "1"]
[SourceVersionDate "2012.06.22"]
[SourceQuality "1"]

1. d4 Nf6 2. c4 g6 3. f3 d5 4. cxd5 Nxd5 5. e4 Nb6 6. Be3 Bg7 7. Nc3 0-0 8. Qd2 Nc6 9. d5 Ne5 10. b3 e6 11. Rd1 exd5 12. exd5 Re8 13. Nge2 Nec4 14. bxc4 Nxc4 15. Bg5 Nxd2 16. Bxd8 Bxc3 17. Kf2 Ba5 18. Bxc7 Bxc7 19. Rxd2 Rd8 20. Ng3 Bb6+ 21. Ke2 Ba5 22. Rd1 f5 23. Kf2 Bb6+ 24. Ke1 Bd7 25. Bc4 Rac8 26. Bb3 Re8+ 27. Ne2 Bb5 28. Rd2 Ba5 29. d6+ Kg7 30. d7 Rxe2+ 0-1

[Event "Pretoria FM-A"]
[Site "Pretoria"]
[Date "2012.04.27"]
[Round "2"]
[White "Meintjes, Jacques C"]
[Black "Anderson, Gavin"]
[Result "1-0"]
[WhiteElo "2088"]
[BlackElo "2154"]
[PlyCount "97"]
[EventDate "2012.04.27"]
[EventType "tourn"]
[EventRounds "9"]
[EventCountry "RSA"]
[SourceTitle "CBM 148 Extra"]
[Source "ChessBase"]
[SourceDate "2012.06.22"]
[SourceVersion "1"]
[SourceVersionDate "2012.06.22"]
[SourceQuality "1"]

1. e4 c6 2. d4 d5 3. Nc3 dxe4 4. Nxe4 Nd7 5. Bd3 Ngf6 6. Ne2 Nxe4 7. Bxe4 Nf6 8. Bd3 Bg4 9. f3 Bh5 10. Bf4 e6 11. Qd2 Bg6 12. 0-0-0 Bd6 13. h4 Bxd3 14. Qxd3 Bxf4+ 15. Nxf4 Qc7 16. Qe3 0-0-0 17. Rd3 Kb8 18. Rhd1 Nd5 19. Nxd5 Rxd5 20. g4 h5 21. c4 Ra5 22. a3 hxg4 23. fxg4 Rxh4 24. b4 Ra4 25. Qg5 Rh2 26. Qxg7 a5 27. Qf8+ Ka7 28. Qc5+ b6 29. Qe5 Qxe5 30. dxe5 axb4 31. Rd8 Rh1 32. Rxh1 bxa3 33. Kc2 Rxc4+ 34. Kb3 Rxg4 35. Kxa3 Re4 36. Rd7+ Ka6 37. Rxf7 Rxe5 38. Rf6 Ra5+ 39. Kb3 Rb5+ 40. Kc3 Rc5+ 41. Kd3 Rd5+ 42. Ke4 b5 43. Rxe6 Kb6 44. Rc1 Rc5 45. Rxc5 Kxc5 46. Kd3 Kd5 47. Rh6 c5 48. Kc3 c4 49. Rh5+ 1-0